<?xml version="1.0" encoding="UTF-8"?>
<record
    xmlns:xsi="http://www.w3.org/2001/XMLSchema-instance"
    xsi:schemaLocation="http://www.loc.gov/MARC21/slim http://www.loc.gov/standards/marcxml/schema/MARC21slim.xsd"
    xmlns="http://www.loc.gov/MARC21/slim">

  <leader>02548nas1a22004331  4500</leader>
  <controlfield tag="001">RU\NLR\A1\34461</controlfield>
  <controlfield tag="005">20260406135701.0</controlfield>
  <datafield tag="035" ind1=" " ind2=" ">
    <subfield code="a">(NLR Aleph) 009684584</subfield>
  </datafield>
  <datafield tag="090" ind1=" " ind2=" ">
    <subfield code="a">9714013</subfield>
    <subfield code="c">9714012</subfield>
  </datafield>
  <datafield tag="100" ind1=" " ind2=" ">
    <subfield code="a">20260119              rusy50        </subfield>
  </datafield>
  <datafield tag="101" ind1="0" ind2=" ">
    <subfield code="a">rus</subfield>
  </datafield>
  <datafield tag="102" ind1=" " ind2=" ">
    <subfield code="a">RU</subfield>
  </datafield>
  <datafield tag="110" ind1=" " ind2=" ">
    <subfield code="a">afa||||0|u0</subfield>
  </datafield>
  <datafield tag="200" ind1="1" ind2=" ">
    <subfield code="a">&#x41F;&#x43E;&#x447;&#x442;&#x430; &#x434;&#x443;&#x445;&#x43E;&#x432;,</subfield>
    <subfield code="e">&#x435;&#x436;&#x435;&#x43C;&#x435;&#x441;&#x44F;&#x447;&#x43D;&#x43E;&#x435; &#x438;&#x437;&#x434;&#x430;&#x43D;&#x438;&#x435;, &#x438;&#x43B;&#x438; &#x423;&#x447;&#x435;&#x43D;&#x430;&#x44F;, &#x43D;&#x440;&#x430;&#x432;&#x441;&#x442;&#x432;&#x435;&#x43D;&#x43D;&#x430;&#x44F;, &#x438; &#x43A;&#x440;&#x438;&#x442;&#x438;&#x447;&#x435;&#x441;&#x43A;&#x430;&#x44F; &#x43F;&#x435;&#x440;&#x435;&#x43F;&#x438;&#x441;&#x43A;&#x430; &#x430;&#x440;&#x430;&#x431;&#x441;&#x43A;&#x430;&#x433;&#x43E; &#x444;&#x438;&#x43B;&#x43E;&#x441;&#x43E;&#x444;&#x430; &#x41C;&#x430;&#x43B;&#x438;&#x43A;&#x443;&#x43B;&#x44C;&#x43C;&#x443;&#x43B;&#x44C;&#x43A;&#x430; &#x441; &#x432;&#x43E;&#x434;&#x44F;&#x43D;&#x44B;&#x43C;&#x438;, &#x432;&#x43E;&#x437;&#x434;&#x443;&#x448;&#x43D;&#x44B;&#x43C;&#x438; &#x438; &#x43F;&#x43E;&#x434;&#x437;&#x435;&#x43C;&#x43D;&#x44B;&#x43C;&#x438; &#x434;&#x443;&#x445;&#x430;&#x43C;&#x438;</subfield>
  </datafield>
  <datafield tag="210" ind1=" " ind2=" ">
    <subfield code="a">&#x412; &#x421;&#x430;&#x43D;&#x43A;&#x442;&#x43F;&#x435;&#x442;&#x435;&#x440;&#x431;&#x443;&#x440;&#x433;&#x435;</subfield>
    <subfield code="c">[&#x442;&#x438;&#x43F;. &#x418;.&#x420;&#x430;&#x445;&#x43C;&#x430;&#x43D;&#x438;&#x43D;&#x43E;&#x432;&#x430;]</subfield>
    <subfield code="d">1789-[1790]</subfield>
  </datafield>
  <datafield tag="215" ind1=" " ind2=" ">
    <subfield code="d">8&#xB0;</subfield>
  </datafield>
  <datafield tag="300" ind1=" " ind2=" ">
    <subfield code="a">&#x426;&#x435;&#x43D;&#x437;.: &#x41F;&#x435;&#x447;&#x430;&#x442;&#x430;&#x43D;&#x43E; &#x441; &#x434;&#x43E;&#x437;&#x432;&#x43E;&#x43B;&#x435;&#x43D;&#x438;&#x44F; &#x443;&#x43A;&#x430;&#x437;&#x43D;&#x430;&#x433;&#x43E; (&#x442;&#x438;&#x442;. &#x43B;.)</subfield>
  </datafield>
  <datafield tag="300" ind1=" " ind2=" ">
    <subfield code="a">&#x412; &#x43C;&#x430;&#x439;&#x441;&#x43A;&#x43E;&#x43C; &#x43D;&#x43E;&#x43C;&#x435;&#x440;&#x435; &#x441;.81-82 &#x438;&#x43C;&#x435;&#x44E;&#x442;&#x441;&#x44F; &#x432; 2 &#x432;&#x430;&#x440;. &#x412; &#x43F;&#x435;&#x440;&#x432;&#x43E;&#x43D;&#x430;&#x447;. &#x432;&#x430;&#x440;. &#x432; &#x43A;&#x43E;&#x43D;&#x446;&#x435; &#x441;.82 &#x43F;&#x43E;&#x434;&#x43F;&#x438;&#x441;&#x44C;: "&#x415;&#x441;&#x442;&#x440;&#x430;&#x442; &#x422;&#x44F;&#x43F;&#x43A;&#x438;&#x43D;"; &#x432; &#x438;&#x441;&#x43F;&#x440;&#x430;&#x432;&#x43B;&#x435;&#x43D;&#x43D;&#x43E;&#x43C; &#x432;&#x430;&#x440;.: "&#x415;&#x432;&#x441;&#x442;&#x440;&#x430;&#x442; &#x425;&#x430;&#x43F;&#x43A;&#x438;&#x43D;"</subfield>
  </datafield>
  <datafield tag="300" ind1=" " ind2=" ">
    <subfield code="a">&#x41D;&#x430; &#x43E;&#x431;&#x43E;&#x440;&#x43E;&#x442;&#x435; &#x442;&#x438;&#x442;. &#x43B;. &#x438;&#x437;&#x434;. &#x43C;&#x430;&#x440;&#x43A;&#x430; &#x418;.&#x413;.&#x420;&#x430;&#x445;&#x43C;&#x430;&#x43D;&#x438;&#x43D;&#x43E;&#x432;&#x430;</subfield>
  </datafield>
  <datafield tag="300" ind1=" " ind2=" ">
    <subfield code="a">&#x418;&#x437;&#x434;. &#x418;.&#x410;.&#x41A;&#x440;&#x44B;&#x43B;&#x43E;&#x432;</subfield>
  </datafield>
  <datafield tag="300" ind1=" " ind2=" ">
    <subfield code="a">&#x41A;&#x430;&#x436;&#x434;&#x44B;&#x439; &#x43D;&#x43E;&#x43C;&#x435;&#x440; &#x438;&#x43C;&#x435;&#x435;&#x442; &#x448;&#x43C;&#x443;&#x446;&#x442;&#x438;&#x442;. &#x441; &#x437;&#x430;&#x433;&#x43B;. &#x438; &#x43E;&#x431;&#x43E;&#x437;&#x43D;&#x430;&#x447;&#x435;&#x43D;&#x438;&#x435;&#x43C; &#x43C;&#x435;&#x441;&#x44F;&#x446;&#x430;</subfield>
  </datafield>
  <datafield tag="300" ind1=" " ind2=" ">
    <subfield code="a">&#x41D;&#x430; &#x442;&#x438;&#x442;. &#x43B;. &#x432; &#x447;.2 &#x432; &#x432;&#x44B;&#x445;. &#x434;&#x430;&#x43D;.: &#x412; &#x421;&#x430;&#x43D;&#x442;&#x43F;&#x435;&#x442;&#x435;&#x440;&#x431;&#x443;&#x440;&#x433;&#x435; [!]</subfield>
  </datafield>
  <datafield tag="321" ind1="1" ind2=" ">
    <subfield code="a">&#x421;&#x41A; XVIII. &#x422;.4, 209</subfield>
  </datafield>
  <datafield tag="463" ind1=" " ind2="0">
    <subfield code="1">001RU\NLR\A1\34462</subfield>
    <subfield code="9">13476807</subfield>
    <subfield code="d">1789</subfield>
    <subfield code="p">[4], V, [1], 16, 49, [1] &#x441;.</subfield>
    <subfield code="t">&#x427;.1, &#x44F;&#x43D;&#x432;.</subfield>
    <subfield code="u">https://vivaldi.nlr.ru/pm000049234/view</subfield>
  </datafield>
  <datafield tag="463" ind1=" " ind2="0">
    <subfield code="1">001RU\NLR\A1\34463</subfield>
    <subfield code="9">13476808</subfield>
    <subfield code="d">1789</subfield>
    <subfield code="p">[6], 82 &#x441;.</subfield>
    <subfield code="t">&#x427;.2, &#x43C;&#x430;&#x439;</subfield>
    <subfield code="u">https://vivaldi.nlr.ru/pm000049238/view</subfield>
  </datafield>
  <datafield tag="620" ind1=" " ind2=" ">
    <subfield code="d">&#x421;&#x430;&#x43D;&#x43A;&#x442;-&#x41F;&#x435;&#x442;&#x435;&#x440;&#x431;&#x443;&#x440;&#x433;</subfield>
  </datafield>
  <datafield tag="702" ind1=" " ind2="1">
    <subfield code="4">610</subfield>
    <subfield code="8">rus</subfield>
    <subfield code="7">ca</subfield>
    <subfield code="a">&#x420;&#x430;&#x445;&#x43C;&#x430;&#x43D;&#x438;&#x43D;&#x43E;&#x432;</subfield>
    <subfield code="b">&#x418;. &#x413;.</subfield>
    <subfield code="f">1753-1807</subfield>
    <subfield code="g">&#x418;&#x432;&#x430;&#x43D; &#x413;&#x435;&#x440;&#x430;&#x441;&#x438;&#x43C;&#x43E;&#x432;&#x438;&#x447;</subfield>
    <subfield code="3">RU\NLR\AUTH\77100573</subfield>
    <subfield code="9">83499</subfield>
  </datafield>
  <datafield tag="702" ind1=" " ind2="1">
    <subfield code="4">650</subfield>
    <subfield code="8">rus</subfield>
    <subfield code="7">ca</subfield>
    <subfield code="a">&#x41A;&#x440;&#x44B;&#x43B;&#x43E;&#x432;</subfield>
    <subfield code="b">&#x418;. &#x410;.</subfield>
    <subfield code="c">&#x431;&#x430;&#x441;&#x43D;&#x43E;&#x43F;&#x438;&#x441;&#x435;&#x446;</subfield>
    <subfield code="f">1769-1844</subfield>
    <subfield code="g">&#x418;&#x432;&#x430;&#x43D; &#x410;&#x43D;&#x434;&#x440;&#x435;&#x435;&#x432;&#x438;&#x447;</subfield>
    <subfield code="3">RU\NLR\AUTH\772707</subfield>
    <subfield code="9">112715</subfield>
  </datafield>
  <datafield tag="712" ind1="0" ind2="0">
    <subfield code="4">610</subfield>
    <subfield code="a">&#x420;&#x430;&#x445;&#x43C;&#x430;&#x43D;&#x438;&#x43D;&#x43E;&#x432;,</subfield>
    <subfield code="c">&#x41F;&#x435;&#x442;&#x435;&#x440;&#x431;&#x443;&#x440;&#x433;</subfield>
    <subfield code="g">&#x418;. &#x413;.,</subfield>
    <subfield code="h">&#x442;&#x438;&#x43F;&#x43E;&#x433;&#x440;&#x430;&#x444;&#x438;&#x44F;</subfield>
    <subfield code="9">517419</subfield>
    <subfield code="3">RU\NLR\AUTH\880426446</subfield>
  </datafield>
  <datafield tag="801" ind1=" " ind2="0">
    <subfield code="a">RU</subfield>
    <subfield code="b">NLR</subfield>
    <subfield code="c">20070406</subfield>
  </datafield>
  <datafield tag="852" ind1=" " ind2=" ">
    <subfield code="a">NLR</subfield>
    <subfield code="j">7/30</subfield>
    <subfield code="y">&#x412;&#x430;&#x440;.2</subfield>
  </datafield>
  <datafield tag="899" ind1=" " ind2=" ">
    <subfield code="a">&#x420;&#x413;&#x411;</subfield>
    <subfield code="y">&#x412;&#x430;&#x440;.1,2</subfield>
  </datafield>
  <datafield tag="899" ind1=" " ind2=" ">
    <subfield code="a">&#x411;&#x410;&#x41D;</subfield>
    <subfield code="y">&#x412;&#x430;&#x440;.2</subfield>
  </datafield>
  <datafield tag="899" ind1=" " ind2=" ">
    <subfield code="a">&#x413;&#x41F;&#x418;&#x411;</subfield>
    <subfield code="y">&#x412;&#x430;&#x440;.2</subfield>
  </datafield>
  <datafield tag="942" ind1=" " ind2=" ">
    <subfield code="c">JOURNAL</subfield>
  </datafield>
  <datafield tag="980" ind1=" " ind2=" ">
    <subfield code="a">NB</subfield>
  </datafield>
  <datafield tag="980" ind1=" " ind2=" ">
    <subfield code="a">A1XVIIIv</subfield>
  </datafield>
  <datafield tag="981" ind1="2" ind2="0">
    <subfield code="a">(20) &#x41A;&#x43D;&#x438;&#x436;&#x43D;&#x44B;&#x435; &#x43F;&#x430;&#x43C;&#x44F;&#x442;&#x43D;&#x438;&#x43A;&#x438; &#x420;&#x41D;&#x411;</subfield>
    <subfield code="b">(20) &#x416;&#x443;&#x440;&#x43D;&#x430;&#x43B;&#x44B; &#x438; &#x43F;&#x435;&#x440;&#x438;&#x43E;&#x434;&#x438;&#x447;&#x435;&#x441;&#x43A;&#x438;&#x435; &#x430;&#x43B;&#x44C;&#x43C;&#x430;&#x43D;&#x430;&#x445;&#x438;</subfield>
  </datafield>
</record>
